|
|
|
|
| LEADER |
00000nam0a2200000 4500 |
| 001 |
264623 |
| 005 |
20231101233840.0 |
| 010 |
|
|
|a 5200003849
|
| 035 |
|
|
|a (RuTPU)RU\TPU\book\287618
|
| 090 |
|
|
|a 264623
|
| 100 |
|
|
|a 20140620d1988 m y0rusy50 ca
|
| 101 |
0 |
|
|a rus
|
| 102 |
|
|
|a RU
|
| 105 |
|
|
|a y e 000zy
|
| 200 |
1 |
|
|a Польско-русский словарь по электротехнике и электронике
|d Polssko-rosyjski slownik elektro-techniczny i elektroniczny
|e около 42000 терминов
|f В. А. Обухов, И. М. Юдин
|g под ред. А. Кобуса
|
| 210 |
|
|
|a Москва
|a Варшава
|c Русский язык
|d 1988
|
| 215 |
|
|
|a 695 с.
|
| 510 |
1 |
|
|a Polssko-rosyjski slownik elektro-techniczny i elektroniczny
|z pol
|
| 606 |
1 |
|
|a Польский язык
|2 stltpush
|3 (RuTPU)RU\TPU\subj\50788
|9 69437
|
| 606 |
|
|
|a Электротехника общая
|2 stltpush
|3 (RuTPU)RU\TPU\subj\20906
|9 45967
|
| 606 |
1 |
|
|a Электроника
|2 stltpush
|3 (RuTPU)RU\TPU\subj\20310
|9 45419
|
| 610 |
1 |
|
|a лексика
|
| 610 |
1 |
|
|a эмиссионные приборы
|
| 610 |
1 |
|
|a электронная оптика
|
| 610 |
1 |
|
|a вакуумная техника
|
| 610 |
1 |
|
|a твердотельная электроника
|
| 610 |
1 |
|
|a микроэлектроника
|
| 610 |
1 |
|
|a интегральные микросхемы
|
| 610 |
1 |
|
|a квантовая электроника
|
| 610 |
1 |
|
|a термины
|
| 610 |
1 |
|
|a польско-русские словари
|
| 610 |
1 |
|
|a русско-польские словари
|
| 675 |
|
|
|a 621.3(03)
|v 3
|
| 675 |
|
|
|a 621.38(03)
|v 3
|
| 686 |
|
|
|a Ш141.5-43
|v LBC/SL-A
|2 rubbk
|
| 700 |
|
1 |
|a Обухов
|b В. А.
|g Виктор Алексеевич
|
| 701 |
|
1 |
|a Юдин
|b И. М.
|g Игорь Михайлович
|
| 702 |
|
1 |
|a Кобус
|b А.
|4 340
|
| 801 |
|
1 |
|a RU
|b 63413507
|c 20140620
|
| 801 |
|
2 |
|a RU
|b 63413507
|c 20150320
|g RCR
|
| 942 |
|
|
|c BK
|